<?xml version="1.0" encoding="UTF-8"?>
<collection xmlns="http://www.loc.gov/MARC21/slim">
 <record>
  <leader>01673nam a2200205Ia 4500</leader>
  <controlfield tag="001">CTU_221026</controlfield>
  <controlfield tag="008">210402s9999    xx            000 0 und d</controlfield>
  <datafield tag="020" ind1=" " ind2=" ">
   <subfield code="c">100000</subfield>
  </datafield>
  <datafield tag="082" ind1=" " ind2=" ">
   <subfield code="a">728.0951</subfield>
  </datafield>
  <datafield tag="082" ind1=" " ind2=" ">
   <subfield code="b">Kh103</subfield>
  </datafield>
  <datafield tag="100" ind1=" " ind2=" ">
   <subfield code="a">Đơn, Đức Khải</subfield>
  </datafield>
  <datafield tag="245" ind1=" " ind2="0">
   <subfield code="a">Nhà ở Trung Quốc</subfield>
  </datafield>
  <datafield tag="245" ind1=" " ind2="0">
   <subfield code="c">Đơn Đức Khải ; Trần Thị Phương Liên, Trương Khiết Mi (dịch) ; Nguyễn Thị Hậu (Hiệu đính và giới thiệu)</subfield>
  </datafield>
  <datafield tag="260" ind1=" " ind2=" ">
   <subfield code="a">Thành phố Hồ Chí Minh</subfield>
  </datafield>
  <datafield tag="260" ind1=" " ind2=" ">
   <subfield code="b">Tổng hợp Thành phố Hồ Chí Minh</subfield>
  </datafield>
  <datafield tag="260" ind1=" " ind2=" ">
   <subfield code="c">2015</subfield>
  </datafield>
  <datafield tag="520" ind1=" " ind2=" ">
   <subfield code="a">Trung Quốc có lãnh thổ rộng lớn, lịch sử lâu đời, môi trường tự nhiên và nhân văn của mỗi khu vực đều có những nét đặc trưng riêng, vì vậy tính đa dạng của nhà ở tại Trung Quốc được coi là khá hiếm thấy trong lich sử thế giới. Nơi đây có một Tứ hợp viện Bắc Kinh hoành tráng kín cổng cao tường, có kiến trúc nhà ở Hoàn Nam với nét đẹp thanh nhã, mộc mạc, nhà ở Chiết Giang xây ven sông hồ, có cả lầu canh Tây Tạng xây dựng theo bề mặt địa hình, hùng vĩ tráng lệ... Dù thuộc kiểu kiến trúc nào cũng đều mang đậm nét lãng mạn, và chứa đựng triết lý &quot;thiên địa hợp nhất&quot;.</subfield>
  </datafield>
  <datafield tag="650" ind1=" " ind2=" ">
   <subfield code="a">Kiến trúc, Trung Quốc,Architecture, Chinese</subfield>
  </datafield>
  <datafield tag="904" ind1=" " ind2=" ">
   <subfield code="i">Hải</subfield>
  </datafield>
  <datafield tag="980" ind1=" " ind2=" ">
   <subfield code="a">Trung tâm Học liệu Trường Đại học Cần Thơ</subfield>
  </datafield>
 </record>
</collection>
